| 000 | 00516nam a2200193Ia 4500 | ||
|---|---|---|---|
| 005 | 20250508162354.0 | ||
| 008 | 008 250505s9999 xx 000 0 eng d | ||
| 037 | _aTextual | ||
| 040 |
_aFEDL _beng _cFEDL |
||
| 041 |
_aeng _2eng |
||
| 084 |
_a574, OTT _qFEDL |
||
| 100 | _aOtto James H | ||
| 245 | 0 | _aModern biology | |
| 260 |
_aNew York, USA _bHolt, Rinehart and Winston _c1977 |
||
| 300 | _a757p. | ||
| 700 |
_a Towle Albert _9773004 |
||
| 942 |
_cTEXL _h574, OTT |
||
| 999 |
_c1376137 _d1376137 |
||